[Event "Challenge"]
[Site "http://www.queenalice.com/game.php?id=655644"]
[Date "2009.9.20"]
[Round "-"]
[White "codcam"]
[Black "pedepano"]
[Result "0-1"]
[WhiteElo "1539"]
[BlackElo "1674"]

1. e4 e5 2. Nf3 Nc6 3. b3 Bc5 4. a3 Nf6 5. Bc4 d5 6. Bxd5 Nxd5 7. exd5 Qxd5 8.
Nc3 Qd8 9. Qe2 O-O 10. h4 Bg4 11. Qe4 f5 12. Qc4+ Kh8 13. Qxc5 Qf6 14. Nd5 Qd6
15. Qxd6 cxd6 16. a4 Bxf3 17. gxf3 Nd4 18. Nb4 Rac8 19. c3 Nxb3 20. Rb1 Na5 21.
Nd5 Rf7 22. d3 Nc6 23. f4 Nd8 24. fxe5 dxe5 25. c4 Ne6 26. h5 Nc5 27. Kd2 Rd7
28. Rb5 Nxa4 29. Ra5 Nc5 30. Re1 e4 31. dxe4 Nb3+ 32. Kd3 Nxa5 33. exf5 Nxc4 34.
Kd4 Nb6 35. Re7 Rxd5+ 36. Ke4 Rdd8 37. Ba3 Re8 38. Kf4 Rxe7 39. Bxe7 Nd5+ 40.
Kg5 Nxe7 0-1

[Event "Challenge"]
[Site "http://www.queenalice.com/game.php?id=655645"]
[Date "2009.9.20"]
[Round "-"]
[White "codcam"]
[Black "giraldes"]
[Result "1-0"]
[WhiteElo "1564"]
[BlackElo "1449"]

1. e4 e5 2. Bc4 Nf6 3. d3 Nc6 4. c3 Bc5 5. b4 Bb6 6. Bg5 h6 7. Bxf6 Qxf6 8. Nh3
g5 9. Qh5 Rf8 10. Nd2 Ne7 11. Nf3 Ng6 12. O-O d6 13. Rae1 Bxh3 14. Qxh3 Nf4 15.
Qg4 h5 16. Qg3 O-O-O 17. d4 exd4 18. cxd4 Bxd4 19. Nxd4 Qxd4 20. Rc1 f6 21. Qb3
Qxe4 22. f3 Qd4+ 23. Kh1 h4 24. Qa3 Kb8 25. Rfd1 Qe5 26. b5 b6 27. Bb3 Qxb5 28.
Rc4 c5 29. Ra4 a5 30. h3 Ne2 31. Bc4 Qe8 32. Rxa5 bxa5 33. Rb1+ Kc7 34. Qxa5+
Kd7 35. Qa7+ 1-0

[Event "Challenge"]
[Site "http://www.queenalice.com/game.php?id=656250"]
[Date "2009.9.22"]
[Round "-"]
[White "codcam"]
[Black "Landoaldojr"]
[Result "1-0"]
[WhiteElo "1527"]
[BlackElo "1719"]

1. e4 e5 2. Nc3 Nf6 3. d3 Bb4 4. Nf3 d6 5. Bg5 O-O 6. a3 Bc5 7. Nd5 Nbd7 8. c3
h6 9. Bh4 Qe8 10. Nxc7 Qd8 11. Nxa8 b6 12. b4 Bxf2+ 13. Bxf2 Bb7 14. Nxb6 axb6
15. Be2 b5 16. Bh4 Qc8 17. O-O Ng4 18. Qd2 Ngf6 19. Bxf6 Nxf6 20. Nh4 Qe6 21. a4
bxa4 22. Rxa4 Ra8 23. Rxa8+ Bxa8 24. Ra1 Bc6 25. Ra6 Be8 26. Nf5 Qc8 27. Rxd6
Kh7 28. Rd5 Nxd5 29. Nd6 Qd7 30. Nxe8 Nf4 31. Nxg7 Kxg7 32. Bf1 Qa7+ 33. d4 f6
34. Kh1 Qb7 35. Qe3 Qf7 36. Qg3+ Qg6 37. dxe5 fxe5 38. c4 Qxg3 39. hxg3 Nh5 40.
Kh2 Nf6 41. c5 Nxe4 42. c6 Nd6 43. b5 Kf7 44. b6 Ke7 45. b7 1-0

[Event "Challenge"]
[Site "http://www.queenalice.com/game.php?id=659187"]
[Date "2009.9.27"]
[Round "-"]
[White "codcam"]
[Black "ButchCassidy"]
[Result "1-0"]
[WhiteElo "1528"]
[BlackElo "1600"]

1. e4 e5 2. Nf3 Nc6 3. c3 Nf6 4. Ng5 h6 5. Nf3 Bc5 6. Bc4 O-O 7. b4 Bb6 8. Bd5
d6 9. Bxc6 bxc6 10. d3 Ng4 11. O-O d5 12. Nfd2 dxe4 13. Nxe4 Ba6 14. c4 Qd4 15.
Qxg4 Qxa1 16. Bxh6 g6 17. Nf6+ Kh8 18. Bg5 Qd4 19. Qh3+ 1-0

[Event "Challenge"]
[Site "http://www.queenalice.com/game.php?id=659188"]
[Date "2009.9.27"]
[Round "-"]
[White "codcam"]
[Black "Leof"]
[Result "1-0"]
[WhiteElo "1551"]
[BlackElo "1587"]

1. e4 d5 2. Qf3 dxe4 3. Qf4 f5 4. Bc4 g6 5. f3 Bh6 6. Qe5 Nf6 7. Nc3 Nc6 8. Qc5
e6 9. d4 b6 10. Qxc6+ Bd7 11. Qb7 O-O 12. Bxh6 Rf7 13. d5 exf3 14. dxe6 Qe8 15.
O-O-O Bxe6 16. Bxe6 Rb8 17. Bxf7+ Kxf7 18. Qxf3 Ng8 19. Qd5+ Qe6 20. Nf3 Qxd5
21. Nxd5 Nxh6 22. Rhe1 Rd8 23. Ne5+ Kg7 24. Nxc7 Rc8 25. Rd7+ Kf6 26. Nf3 Nf7
27. Nd5+ Kg7 28. Ne5 Re8 29. Rxf7+ Kh6 30. Re3 g5 31. Rh3# 1-0

[Event "Challenge"]
[Site "http://www.queenalice.com/game.php?id=659189"]
[Date "2009.9.27"]
[Round "-"]
[White "codcam"]
[Black "rxk"]
[Result "0-1"]
[WhiteElo "1532"]
[BlackElo "1866"]

1. e4 c5 2. Bc4 e6 3. Nf3 d6 4. d3 Nc6 5. c3 Nf6 6. g3 Be7 7. Bf4 O-O 8. Nbd2 e5
9. Bg5 a6 10. d4 cxd4 11. cxd4 b5 12. Bd3 Bh3 13. Rc1 Nxd4 14. Nxd4 exd4 15.
Bxf6 Bxf6 16. e5 Re8 17. Nb3 Rxe5+ 18. Kd2 Bg5+ 19. Kc2 Rc8+ 20. Kb1 Bxc1 21.
Nxc1 Qf6 22. f4 Rd5 23. Qb3 Rdc5 24. Ne2 Bf5 25. g4 Bxd3+ 26. Qxd3 Qg6 27. f5
Qxg4 28. f6 g6 29. Rf1 Re5 30. Rc1 Rxc1+ 31. Nxc1 Qe4 32. a3 Qxd3+ 33. Nxd3 Rf5
34. Kc2 Rxf6 0-1

[Event "Challenge"]
[Site "http://www.queenalice.com/game.php?id=659366"]
[Date "2009.9.28"]
[Round "-"]
[White "codcam"]
[Black "mrcoelho"]
[Result "0-1"]
[WhiteElo "1568"]
[BlackElo "1805"]

1. e4 e5 2. Nf3 Nc6 3. c3 Nf6 4. Bc4 Bc5 5. Ng5 d5 6. Bb3 Bxf2+ 7. Kxf2 Ng4+ 8.
Ke1 Qxg5 9. d3 Qd8 10. exd5 Ne7 11. Qf3 Nf6 12. Bg5 Bg4 13. Qg3 Bh5 14. Qxe5 Bg6
15. Bxf6 gxf6 16. Qxf6 O-O 17. Nd2 Bxd3 18. Rf1 Bxf1 19. Kxf1 Nxd5 20. Qe5 Qf6+
21. Nf3 Qxe5 22. Nxe5 c6 23. Bxd5 cxd5 24. Rd1 Rad8 25. Rd4 f5 26. g3 Kg7 27.
Kg2 Kf6 28. Nf3 Rfe8 29. Rf4 Re4 30. Rxe4 dxe4 31. Ng1 Rd2+ 32. Kh3 Rxb2 33. a4
e3 0-1

[Event "Challenge"]
[Site "http://www.queenalice.com/game.php?id=659978"]
[Date "2009.9.29"]
[Round "-"]
[White "codcam"]
[Black "sejalivre"]
[Result "0-1"]
[WhiteElo "1547"]
[BlackElo "1565"]

1. e4 e5 2. Nc3 Nf6 3. Nf3 Nc6 4. d3 Bc5 5. Bg5 O-O 6. Nd5 h6 7. Bxf6 gxf6 8.
Nh4 d6 9. Qf3 Nd4 10. Qg3+ Kh7 11. O-O-O Rg8 12. Ng6 Rxg6 13. Qh4 c6 14. b4 cxd5
15. bxc5 Qa5 16. cxd6 Qc3 17. Kb1 Qxc2+ 18. Ka1 Qxd1+ 19. Kb2 Qc2+ 20. Ka3 Qc1+
21. Ka4 Bd7+ 22. Kb4 a5# 0-1

[Event "Challenge"]
[Site "http://www.queenalice.com/game.php?id=661829"]
[Date "2009.10.3"]
[Round "-"]
[White "Landoaldojr"]
[Black "codcam"]
[Result "0-1"]
[WhiteElo "1695"]
[BlackElo "1584"]

1. Nf3 f6 2. e4 d6 3. Bb5+ c6 4. Be2 c5 5. O-O h5 6. Nh4 Nh6 7. Bxh5+ Nf7 8. d3
g6 9. Nxg6 Rg8 10. Nxf8 Rxf8 11. Bxf7+ Kxf7 12. Qh5+ Ke6 13. Qd5+ Kd7 14. Qf5+
Kc7 15. Qd5 Qd7 16. Nc3 a6 17. Be3 e6 18. Qb3 Rh8 19. g3 e5 20. Nd5+ Kd8 21.
Nxf6 Qh3 22. Qb6+ Ke7 23. Nd5+ Kf7 24. Qc7+ Bd7 0-1

[Event "Challenge"]
[Site "http://www.queenalice.com/game.php?id=662916"]
[Date "2009.10.5"]
[Round "-"]
[White "sejalivre"]
[Black "codcam"]
[Result "1-0"]
[WhiteElo "1580"]
[BlackElo "1541"]

1. e4 e5 2. Nf3 f6 3. Nxe5 fxe5 4. Qh5+ g6 5. Qxe5+ Qe7 6. Qxh8 Nf6 7. d3 d6 8.
Bh6 Nbd7 9. Nc3 c6 10. O-O-O Kf7 11. Bxf8 Nxf8 12. Re1 1-0

[Event "Challenge"]
[Site "http://www.queenalice.com/game.php?id=664415"]
[Date "2009.10.8"]
[Round "-"]
[White "codcam"]
[Black "Mr_SPOCK"]
[Result "0-1"]
[WhiteElo "1556"]
[BlackElo "1582"]

1. e4 e5 2. Nf3 d5 3. Nxe5 dxe4 4. Qh5 g6 5. Qe2 Nf6 6. f3 Qd5 7. Nc4 Qh5 8. g4
Qh4+ 9. Kd1 Be7 10. b3 O-O 11. d3 exf3 12. Qxe7 Bxg4 13. Ba3 f2+ 14. Kc1 Qg5+
15. Kb2 Nbd7 16. h3 Rae8 17. Qb4 Bf3 18. h4 Qd5 19. Rh3 Bg2 20. Ne3 Rxe3 21. Nd2
Bxh3 22. Qa4 Qe5+ 23. d4 Qh2 24. Qxa7 Re1 25. Nf3 Qh1 26. Nxe1 Qxf1 27. Bb4 Qe2
28. Nd3 Nd5 0-1

[Event "Challenge"]
[Site "http://www.queenalice.com/game.php?id=664420"]
[Date "2009.10.8"]
[Round "-"]
[White "codcam"]
[Black "Fischercat"]
[Result "0-1"]
[WhiteElo "1597"]
[BlackElo "1840"]

1. e4 e5 2. Nf3 Nc6 3. Bb5 d6 4. Bxc6+ bxc6 5. c3 Nf6 6. Qb3 Ba6 7. Ng5 d5 8.
exd5 Nxd5 9. d4 Be7 10. c4 Rb8 11. Qg3 Bxc4 12. Qxe5 O-O 13. h4 Re8 14. Ne6 Bb4+
15. Bd2 Rxe6 16. Qxe6 fxe6 17. Bxb4 Nxb4 18. Kd1 Qxd4+ 19. Nd2 Rd8 0-1

[Event "Challenge"]
[Site "http://www.queenalice.com/game.php?id=667894"]
[Date "2009.10.16"]
[Round "-"]
[White "Mr_SPOCK"]
[Black "codcam"]
[Result "0-1"]
[WhiteElo "1452"]
[BlackElo "1604"]

1. e4 Nc6 2. Bc4 Ne5 3. d3 Nf6 4. Bg5 Nh5 5. Nf3 d6 6. Bd5 c6 7. Bxf7+ Nxf7 8.
O-O Bg4 9. Nc3 h6 10. Qe1 hxg5 11. e5 Bxf3 12. e6 Ne5 13. Qe3 Nf4 14. gxf3 Rh3
15. d4 Nxf3+ 16. Qxf3 Rxf3 17. Rfe1 Qc8 18. Re3 Rxe3 19. fxe3 Nh3+ 20. Kf1 Qxe6
21. e4 Qf6+ 22. Ke2 Nf4+ 23. Ke3 d5 24. e5 Qh6 25. Rh1 Qh3+ 26. Kd2 Qg2+ 27. Ne2
Qxe2+ 28. Kc3 c5 29. b4 cxb4+ 30. Kxb4 e6+ 31. Kb3 Qb5+ 32. Kc3 Rc8+ 33. Kd2
Qe2+ 0-1

[Event "Challenge"]
[Site "http://www.queenalice.com/game.php?id=667895"]
[Date "2009.10.16"]
[Round "-"]
[White "sejalivre"]
[Black "codcam"]
[Result "1-0"]
[WhiteElo "1625"]
[BlackElo "1591"]

1. e4 Nc6 2. Nc3 Ne5 3. d4 Ng6 4. Qf3 f6 5. Bc4 e6 6. h4 Bb4 7. Ne2 Bxc3+ 8.
Nxc3 c6 9. h5 N8e7 10. hxg6 Nxg6 11. e5 fxe5 12. d5 exd5 13. Nxd5 cxd5 14. Bxd5
Rf8 15. Qb3 Qf6 16. O-O Nh4 17. Bd2 Qg6 18. g3 Rf5 19. Rae1 d6 20. Qa4+ Bd7 21.
Qxh4 Rc8 22. Qb4 Qh6 23. Bxh6 gxh6 24. Qh4 h5 25. Be4 Rf7 26. Qxh5 Ke7 27. Bxh7
Rf5 28. Bxf5 1-0

[Event "Challenge"]
[Site "http://www.queenalice.com/game.php?id=668718"]
[Date "2009.10.17"]
[Round "-"]
[White "codcam"]
[Black "MarcioFaleiro"]
[Result "1-0"]
[WhiteElo "1567"]
[BlackElo "1512"]

1. e4 e5 2. Nc3 Nf6 3. Qf3 Nc6 4. Nb5 Bc5 5. d3 Nb4 6. Qe2 h5 7. a3 Nc6 8. Bd2
h4 9. Bg5 Nd4 10. Nxd4 Bxd4 11. Bxf6 Qxf6 12. Nh3 Bxb2 13. Rb1 Bxa3 14. g4 b5
15. Bg2 b4 16. d4 Ba6 17. Qe3 exd4 18. Qd2 c5 19. Nf4 O-O 20. Nd5 Qd8 21. Ra1
Re8 22. c3 1-0

[Event "Challenge"]
[Site "http://www.queenalice.com/game.php?id=668722"]
[Date "2009.10.17"]
[Round "-"]
[White "codcam"]
[Black "crisvolei"]
[Result "0-1"]
[WhiteElo "1614"]
[BlackElo "1583"]

1. e4 e5 2. Nc3 Bc5 3. Nf3 Nc6 4. Nd5 Nd4 5. Nxe5 Nf6 6. Bc4 Nxd5 7. Bxd5 O-O 8.
Ng4 c6 9. Bc4 d5 10. Bd3 f5 11. Ne5 dxe4 12. Bc4+ Kh8 13. Qh5 Qf6 14. f4 Nxc2+
15. Kd1 Nxa1 16. b3 b5 17. Be2 g6 18. Qh6 Be6 19. Bb2 Kg8 20. Bxa1 a5 21. Kc2 a4
22. Nd7 axb3+ 23. axb3 Ra2+ 24. Kb1 Qxa1# 0-1

[Event "Challenge"]
[Site "http://www.queenalice.com/game.php?id=668724"]
[Date "2009.10.17"]
[Round "-"]
[White "codcam"]
[Black "elche"]
[Result "1-0"]
[WhiteElo "1561"]
[BlackElo "1736"]

1. e4 c5 2. Nc3 Nc6 3. Nf3 e6 4. Bb5 a6 5. Bxc6 bxc6 6. Ne5 Nf6 7. d3 Qc7 8. Bf4
d6 9. Nc4 e5 10. Bg5 Be7 11. Bxf6 Bxf6 12. a4 Be6 13. a5 Qb7 14. Nxd6+ 1-0

[Event "Challenge"]
[Site "http://www.queenalice.com/game.php?id=668793"]
[Date "2009.10.17"]
[Round "-"]
[White "elefante266"]
[Black "codcam"]
[Result "1-0"]
[WhiteElo "1764"]
[BlackElo "1572"]

1. e4 Nc6 2. Nf3 f6 3. d4 e6 4. d5 exd5 5. exd5 Ne5 6. Nxe5 fxe5 7. Qh5+ Ke7 8.
Qxe5+ Kf7 9. d6 Bxd6 10. Bc4+ Kf8 11. Qf5+ Nf6 12. O-O Qe7 13. Be3 h5 14. Nd2
Rh7 15. Rfe1 Be5 16. Bf4 g6 17. Qxe5 Qxe5 18. Bxe5 Ng4 19. Bxc7 d5 20. Bd6+ Kg7
21. Bxd5 Kh6 22. Bf8+ Kg5 23. Ne4+ Kh4 24. g3+ Kh3 25. Ng5# 1-0

[Event "Challenge"]
[Site "http://www.queenalice.com/game.php?id=669346"]
[Date "2009.10.19"]
[Round "-"]
[White "fbafelipe"]
[Black "codcam"]
[Result "1-0"]
[WhiteElo "1500"]
[BlackElo "1591"]

1. c4 e5 2. Nc3 c6 3. e3 Qg5 4. Nf3 Qh5 5. g3 Qf5 6. a3 Na6 7. b4 g6 8. e4 Qf6
9. d3 Qe6 10. Bg2 Bh6 11. O-O Nf6 12. Bxh6 Ng4 13. Ng5 Qd6 14. Qxg4 f5 15. exf5
gxf5 16. Qxf5 Qg6 17. Qxg6+ hxg6 18. Bg7 Rh5 19. h4 d6 20. Bf3 Rxg5 21. hxg5 d5
22. cxd5 cxd5 23. Nxd5 Be6 24. Bxe5 Rd8 25. Nc7+ Nxc7 26. Bxc7 Rd5 27. Bxd5 1-0

[Event ":("]
[Site "http://www.queenalice.com/game.php?id=669738"]
[Date "2009.10.20"]
[Round "-"]
[White "codcam"]
[Black "Mr_SPOCK"]
[Result "1-0"]
[WhiteElo "1559"]
[BlackElo "1484"]

1. e4 e5 2. d4 d5 3. exd5 Qxd5 4. c3 e4 5. Nd2 Nf6 6. b3 Bg4 7. f3 exf3 8. gxf3
Bf5 9. Bc4 Qd6 10. Ne4 Nxe4 11. fxe4 Bxe4 12. Nf3 Qe7 13. Kd2 Qf6 14. Qe2 Qh6+
15. Kd1 Qg6 16. Rg1 Qf5 17. Rg5 Qd7 18. Qxe4+ Be7 19. Qxb7 Bxg5 20. Bxg5 O-O 21.
Qxa8 Qh3 22. Qd5 c6 23. Qe4 Qg2 24. Rc1 h6 25. Bd3 f5 26. Qe6+ Kh7 27. Bxf5+ Kh8
28. Bxh6 Qxf3+ 29. Kc2 Rxf5 30. Bxg7+ Kxg7 31. Rg1+ Rg5 32. Rxg5+ Kh8 33. Qh6#
1-0

[Event "Challenge"]
[Site "http://www.queenalice.com/game.php?id=670827"]
[Date "2009.10.22"]
[Round "-"]
[White "codcam"]
[Black "Landoaldojr"]
[Result "1-0"]
[WhiteElo "1575"]
[BlackElo "1623"]

1. e4 e5 2. c3 Nf6 3. f3 Be7 4. Bc4 O-O 5. Nh3 c6 6. d4 exd4 7. cxd4 d5 8. e5
dxc4 9. exf6 Bxf6 10. O-O Bxd4+ 11. Kh1 Bf6 12. a4 Qxd1 13. Rxd1 Re8 14. Nf4 Bf5
15. Na3 Na6 16. Nxc4 Be5 17. Nh5 g6 18. g4 Bc2 19. Re1 gxh5 20. gxh5 f6 21. Bh6
Nc5 22. Rg1+ Kf7 23. Rac1 Bxa4 24. f4 1-0

[Event "Challenge"]
[Site "http://www.queenalice.com/game.php?id=694638"]
[Date "2009.12.8"]
[Round "-"]
[White "Landoaldojr"]
[Black "codcam"]
[Result "1-0"]
[WhiteElo "1585"]
[BlackElo "1581"]

1. Nf3 f6 2. e3 Nc6 3. Bb5 Nb4 4. a3 Nd5 5. O-O c6 6. Be2 Nh6 7. c4 Nb6 8. Nd4
e5 9. Nb3 a5 10. a4 Bd6 11. c5 Bxc5 12. Nxc5 Nf5 13. d4 Qe7 14. Bd3 Nh4 15. g3
d6 16. Ne4 f5 17. Ned2 f4 18. dxe5 fxe3 19. fxe3 Qg5 20. Nf3 Qg4 21. Nxh4 Qh3
22. Qf3 Be6 23. Qg2 O-O-O 24. Qxh3 Bxh3 25. Rf2 Rdf8 26. Bf5+ Nd7 27. Bxh3 Kc7
28. exd6+ Kxd6 29. Nf5+ Kc5 30. Nc3 g6 31. Nd4 Ne5 32. Ne6+ 1-0